000 00387nam a2200085 4500
999 _c527661
_d527661
082 _aK32x54 R299Co
245 _aReport of the committee for recommending the direct recruirment of IAS officers through the civil services examination (2020 to 2030)
260 _aNew Delhi
_bDepatment of Personnel and Training, Ministry of Personnel, Public Grievances and Pensions and m
_c2022
300 _a71p